| 000 | 01212nam a22002897i 4500 | ||
|---|---|---|---|
| 999 |
_c22774 _d22774 |
||
| 003 | AR-CdUCM | ||
| 008 | 240130b20212021pe ||||| |||| 00| 0 spa d | ||
| 020 | _a978-612-4392-50-4 | ||
| 040 |
_aMUNICIPALIDAD PROVINCIAL DEL CUSCO _cBIBLIOTECA MUNICIPAL DEL CUSCO |
||
| 041 | _hspa | ||
| 082 |
_a339.23 / C29 _bC29 |
||
| 100 |
_aCárdenas Bermúdez, Inés _949386 |
||
| 245 | _aEncuentro Amigable con los Indicadores de Desarrollo Regional / | ||
| 260 |
_aCusco : _bUniversidad Andina del Cusco, _c2021 |
||
| 300 |
_a123 páginas. : _c21 cm. |
||
| 500 | _zBibliografía: páginas 110-123 | ||
| 505 | _aIndicadores de desarrollo regional -- Producto bruto interno -- Tasa de inversión -- Tasa de cambio -- Índice de Paz Social -- Indicadores de pobreza -- Nivel de vida -- Índice de violencia -- Calidad del agua -- Huella ecológica -- Índice de innovación. | ||
| 650 |
_aIndicadores de desarrollo _949387 |
||
| 650 |
_aDimensión económica _949388 |
||
| 650 |
_aPrecio al consumidor _949389 |
||
| 650 |
_aGénero _949390 |
||
| 650 |
_aCalidad de vida _928227 |
||
| 650 |
_aCalidad de aire _949391 |
||
| 650 |
_aConfianza interpersonal _949392 |
||
| 942 |
_2ddc _cLIBROS |
||
| 945 |
_apbj _d30-01-2024 |
||